Tecnología del caucho / Jordi Capdevila i Peidró, Fco. Amaro Vicente Báez
Descripción Física:
3 v. : il. ; 30 cm
Materias:
Cautxú
MARC
| LEADER | 00000nam a2200000Ia 4500 | ||
|---|---|---|---|
| 001 | 2192, 2193, 2194 | ||
| 003 | BGR | ||
| 005 | 20260324175657.0 | ||
| 008 | 160829s9999 xx 000 0 cat d | ||
| 080 | |a C-1-74, C-1-75, C-1-76 | ||
| 100 | |a Capdevila i Peidró, Jordi |9 37547 | ||
| 245 | |a Tecnología del caucho / Jordi Capdevila i Peidró, Fco. Amaro Vicente Báez | ||
| 260 | |a Barcelona : |b Diputació de Barcelona. Escola d'Arts i Oficis, [1986?] | ||
| 300 | |a 3 v. : |b il. ; |c 30 cm | ||
| 590 | |a L'autor dels vols. 2 i 3 és Francisco Amaro Vicente Báez | ||
| 650 | |a Cautxú |9 37548 | ||
| 700 | 1 | |a Báez, Vicente |9 70772 | |
| 700 | 1 | |a Amaro, Francisco |9 70773 | |
| 710 | 2 | |a Escola d'Arts i Oficis Artístics (Barcelona, Catalunya) |9 54584 | |
| 901 | |a Arxiu | ||
| 942 | |n 1 |2 udc |c MON | ||
| 952 | |0 0 |1 0 |4 0 |6 C174_C175_C176 |7 1 |9 47922 |a Arxiu |b Arxiu |d 2016-12-01 |l 0 |o C-1-74, C-1-75, C-1-76 |p 2192, 2193, 2194 |r 2016-12-01 00:00:00 |w 2016-12-01 |y ARXIU | ||
| 999 | |c 51722 |d 51722 | ||